| 000 | 00375 a2200157 4500 | ||
|---|---|---|---|
| 001 | 175499 | ||
| 020 | _a85-10-02442-1 | ||
| 040 | _cMagnum | ||
| 100 | _aVimieiro, Maria das Graças Monteiro | ||
| 240 | 1 | 0 |
_aAbordagem integrada em ciências 2 _lpor |
| 245 | 1 | 0 | _aAbordagem integrada em ciências 2 |
| 300 | _a212 | ||
| 362 | 0 | _a1999 | |
| 697 | _aCIÊNCIAS | ||
| 942 | _cBK | ||
| 999 |
_c175499 _d175499 |
||